Česká figurativní malba 40. let : Galerie Roudnice nad Labem. 1, listopad 1980-leden 1981 /

Korporativní autor: Galerie výtvarného umění (Roudnice nad Labem, Česko)
Další autoři: Hlaváčová, Miroslava
Jazyk: Čeština
Vydáno: Roudnice nad Labem : Galerie výtvarného umění, 1980
Témata:
Fyzický popis: 1 nestránkovaný sv., příl. + Seznam vystavených děl
Knihy
Uloženo v:
LEADER 01258nam a2200325 a 4500
001 000596599
003 CZ BrMZK
005 20170313135312.0
008 020424s1980 xr e c cze d
040 |a BOA001  |b cze  |c BOA001 
043 |a e-xr--- 
045 |a x4x5 
072 7 |a 75  |x Malířství  |2 Konspekt  |9 21 
080 |a 75(437.3)  |2 MRF 
080 |a 75.041  |2 MRF 
080 |a (437.3)  |2 MRF 
080 |a (083.824)  |2 MRF 
245 0 0 |a Česká figurativní malba 40. let :  |b Galerie Roudnice nad Labem.  |n 1, listopad 1980-leden 1981 /  |c text Miroslava Hlaváčová 
260 |a Roudnice nad Labem :  |b Galerie výtvarného umění,  |c 1980 
300 |a 1 nestránkovaný sv., příl. +  |e Seznam vystavených děl 
648 7 |a 1941-1950  |7 ch460582 
650 0 7 |a české malířství  |7 ph116864  |y 1941-1950  |2 czenas 
650 0 7 |a figurální malířství  |7 ph120173  |z Česko  |y 1941-1950  |2 czenas 
655 7 |a katalogy výstav  |7 fd132536  |2 czenas 
700 1 |a Hlaváčová, Miroslava  |7 mzk2015869593  |4 wfw 
710 2 |a Galerie výtvarného umění (Roudnice nad Labem, Česko)  |7 kn20040302005 
910 |a BOA001  |b X-0828.430,1 
990 |a BK 
991 |b 201703 
996 6 |b 2619219977  |c X-0828.430,1  |l MZK  |r Sklad / do 24 hodin  |n 2  |w 000596599  |u 000010  |a 1  |e BOA001  |j MZK50  |s P